Kluby piłkarskie Kampanii nagła śmierć - Statystyki

Ogólne statystyki
  • Ten quiz został rozwiązany 64 razy
  • Średni wynik to 2 z 10
Answers on the Grid
Answers color-coded by a green-red scale on the quiz's grid according to % correct below.
SSC Napoli
SSC Bari
Benevento Calcio
USD Cavese 1919
US Livorno 1915
Frosinone Calcio
US Salernitana 1919
SS Juve Stabia
Campobasso FC
Casertana FC
SS Turris Calcio
Ascoli Calcio 1898 FC
Sorrento Calcio 1945
US Avellino 1912
FC Giugliano 1928
Como 1907
 
Statystyki odpowiedzi
Odpowiedź % Poprawnych
SSC Napoli
90%
Benevento Calcio
50%
SS Juve Stabia
30%
US Salernitana 1919
30%
USD Cavese 1919
20%
SS Turris Calcio
10%
Casertana FC
0%
FC Giugliano 1928
0%
Sorrento Calcio 1945
0%
US Avellino 1912
0%
Nie znaleziono quizów pasujących do podanych kryteriów
Rozkład punktacji
Procent ludzi z każdym wynikiem
Percentyl według liczby udzielonych odpowiedzi
Twoja historia wyników
Nie rozwiązałeś tego quizu